| 000 -LEADER |
| fixed length control field |
01294nam a2200289 4500 |
| 008 - FIXED-LENGTH DATA ELEMENTS--GENERAL INFORMATION |
| fixed length control field |
260416b xxu||||| |||| 00| 0 eng d |
| 040 ## - CATALOGING SOURCE |
| Transcribing agency |
Cagayan State University |
| 082 ## - DEWEY DECIMAL CLASSIFICATION NUMBER |
| Edition number |
791.43 |
| Classification number |
T374 2017 |
| 245 ## - TITLE STATEMENT |
| Title |
The upside / |
| Statement of responsibility, etc |
Columbia Pictures presents ; directed by Neil Burger ; producers, Todd Black, Jason Blumenthal, Steve Tisch. |
| 260 ## - PUBLICATION, DISTRIBUTION, ETC. (IMPRINT) |
| Place of publication, distribution, etc |
United States: |
| Name of publisher, distributor, etc |
Colombia Pictures, |
| Date of publication, distribution, etc |
2017. |
| 300 ## - PHYSICAL DESCRIPTION |
| Extent |
1 videofile, (ca. 126 minutes) : |
| Other physical details |
sound, color. |
| 520 ## - SUMMARY, ETC. |
| Summary, etc |
Philip is a disabled billionaire, who feels that life is not worth living. To help him in his day-to-day routine, he hires Del, a parolee who is trying to reconnect with his estranged wife. What begins as a professional relationship develops into a friendship as Del shows his grouchy charge that life is worth living. —Tom Daly |
| 546 ## - LANGUAGE NOTE |
| Language note |
In English. |
| 650 ## - SUBJECT ADDED ENTRY--TOPICAL TERM |
| Topical term or geographic name as entry element |
Comedy |
| 650 ## - SUBJECT ADDED ENTRY--TOPICAL TERM |
| Topical term or geographic name as entry element |
Drama |
| 700 ## - ADDED ENTRY--PERSONAL NAME |
| Personal name |
Burger, Neil, director. |
| 700 ## - ADDED ENTRY--PERSONAL NAME |
| Personal name |
Hartmere, Jon, writer. |
| 700 ## - ADDED ENTRY--PERSONAL NAME |
| Personal name |
Toledano, Éric, writer. |
| 700 ## - ADDED ENTRY--PERSONAL NAME |
| Personal name |
Nakache, Olivier, writer. |
| 700 ## - ADDED ENTRY--PERSONAL NAME |
| Personal name |
Blumenthal, Jason, producer. |
| 700 ## - ADDED ENTRY--PERSONAL NAME |
| Personal name |
Black, Todd, producer. |
| 700 ## - ADDED ENTRY--PERSONAL NAME |
| Personal name |
Tisch, Steve, producer. |
| 700 ## - ADDED ENTRY--PERSONAL NAME |
| Personal name |
Hart, Kevin, actor. |
| 700 ## - ADDED ENTRY--PERSONAL NAME |
| Personal name |
Cranston, Bryan, actor. |
| 700 ## - ADDED ENTRY--PERSONAL NAME |
| Personal name |
Kidman, Nicole, actor. |
| 942 ## - ADDED ENTRY ELEMENTS (KOHA) |
| Source of classification or shelving scheme |
|
| Item type |
Audio-Visual Materials |